| 000 | 00409nam a22001457a 4500 | ||
|---|---|---|---|
| 082 | _aP-221 | ||
| 100 |
_aCapt Sherjeel Ashraf _948222 |
||
| 245 |
_aComputer aided design of reinforced concrete beams _cCapt Sherjeel Ashraf, Capt Amer Nawaz |
||
| 260 |
_aRisalpur _bMCE _c1999 |
||
| 300 | _a121 p: | ||
| 526 |
_a0 _b0 _c0 _dP_221 |
||
| 650 | _aProject | ||
| 700 |
_aLecturer Arif Raza _948223 |
||
| 942 |
_2ddc _cBK |
||
| 999 |
_c551226 _d551226 |
||